Environmental planning : (Record no. 12244)
[ view plain ]
| 000 -LEADER | |
|---|---|
| fixed length control field | 00470cam a2200169 i 4500 |
| 020 ## - INTERNATIONAL STANDARD BOOK NUMBER | |
| ISBN | 0395206189 |
| 040 ## - CATALOGING SOURCE | |
| Transcribing agency | DLC |
| 082 00 - DEWEY DECIMAL CLASSIFICATION NUMBER | |
| Classification number | 301 HOU 1976 A018 Or. |
| 100 1# - MAIN ENTRY--AUTHOR NAME | |
| Personal name | Saarinen, Thomas F. |
| 245 10 - TITLE STATEMENT | |
| Title | Environmental planning : |
| Remainder of title | perception and behavior / |
| 260 ## - PUBLICATION, DISTRIBUTION, ETC. (IMPRINT) | |
| Place of publication | Boston : |
| Name of publisher | Houghton Mifflin, |
| Year of publication | c1976. |
| 300 ## - PHYSICAL DESCRIPTION | |
| Number of Pages | xiii, 262 p. : |
| Other physical details | ill. ; |
| Dimensions | 24 cm. |
| 650 #0 - SUBJECT ADDED ENTRY--TOPICAL TERM | |
| Topical Term | Environmental protection |
| 650 #0 - SUBJECT ADDED ENTRY--TOPICAL TERM | |
| Topical Term | Regional planning. |
| 650 #0 - SUBJECT ADDED ENTRY--TOPICAL TERM | |
| Topical Term | City planning. |
| 942 ## - ADDED ENTRY ELEMENTS (KOHA) | |
| Koha item type | សៀវភៅភាសាអង់គ្លេស |
| 952 ## - LOCATION AND ITEM INFORMATION (KOHA) | |
| Withdrawn status [LOCAL, KOHA] | 0 |
| Permanent Location | Date acquired | Koha item type | Lost status | Shelving location | Barcode | Current Location | Full call number |
|---|---|---|---|---|---|---|---|
| Library Block A | 2017-08-11 | សៀវភៅភាសាអង់គ្លេស | A018 | A08360 | Library Block A | 301 HOU 1976 A018 Or. |